Participación sociopolítica y democratización. Comentario /

En este artículo se habla sobre la fuerte movilización y participación de la sociedad civil de El Salvador durante la década de los setenta. Se cita una lista de organizaciones sociales (no gubernamentales) que nacieron en este contexto político salvadoreño. Ofrece una refencia a las organizaciones...

Popoln opis

Shranjeno v:
Bibliografske podrobnosti
Glavni avtor: González, Luis Armando
Format: Texto
Teme:
Oznake: Označite
Brez oznak, prvi označite!

MARC

LEADER 00000 a a2200000 04500
001 5170
003
040
100 |a González, Luis Armando  
245 |a Participación sociopolítica y democratización. Comentario /  |c Luis Armando González 
520 |a En este artículo se habla sobre la fuerte movilización y participación de la sociedad civil de El Salvador durante la década de los setenta. Se cita una lista de organizaciones sociales (no gubernamentales) que nacieron en este contexto político salvadoreño. Ofrece una refencia a las organizaciones que nacieron durante el conflicto armado y las que aparecieron después de él. Se argumenta que hoy día la participacion ciudadana ha disminuido y este fenómeno se atribuye a una tendencia hacia la privatización de las actividades familiares y personales, como si fuera una renuncia a la participación ciudadana. Se reflexiona sobre las condiciones sociales referente a género que discriminan la participación social de la mujer en áreas como la política. /MSD  
650 |a PARTICIPACION POLITICA  
650 |a PARTICIPACION SOCIAL  
650 |a PARTICIPACION DE LA MUJER  
650 |a MOVILIZACION SOCIAL  
650 |a ORGANIZACIONES NO GUBERNAMENTALES  
650 |a COMPORTAMIENTO SOCIAL  
650 |a DEMOCRACIA  
773 |g volumen 55, número 619 -620; páginas 620-626  
999 |c 19731  |d 19731